Nationalizing government : (Record no. 35929)
[ view plain ]
| 000 -LEADER | |
|---|---|
| fixed length control field | 00961nam a2200289 i 4500 |
| 001 - CONTROL NUMBER | |
| control field | 35929 |
| 003 - CONTROL NUMBER IDENTIFIER | |
| rucl marc code | BD-RjUL |
| 005 - DATE AND TIME OF LATEST TRANSACTION | |
| control field | 20211209052414.0 |
| 008 - FIXED-LENGTH DATA ELEMENTS--GENERAL INFORMATION | |
| fixed length control field | 140611s1978 caua b 001 0 eng d |
| 020 ## - INTERNATIONAL STANDARD BOOK NUMBER | |
| International Standard Book Number | 0803907079 |
| International Standard Book Number | 0803907087 (pbk.) |
| 035 ## - SYSTEM CONTROL NUMBER | |
| System control number | (BD-RjUL)36025 |
| 040 ## - CATALOGING SOURCE | |
| Original cataloging agency | DLC |
| Transcribing agency | DLC |
| Modifying agency | DLC |
| -- | DLC |
| -- | BD-RjUL |
| Language of cataloging | eng |
| 041 ## - LANGUAGE CODE | |
| Language code of text/sound track or separate title | eng |
| 082 00 - DEWEY DECIMAL CLASSIFICATION NUMBER | |
| Classification number | 353.0973 |
| Author mark and year | NAT 1978 |
| Edition number | 23 |
| 245 00 - TITLE STATEMENT | |
| Title | Nationalizing government : |
| Remainder of title | public policies in America / |
| Statement of responsibility, etc. | Theodore J. Lowi, Alan Stone, editors. |
| 260 ## - PUBLICATION, DISTRIBUTION, ETC. (IMPRINT) | |
| Place of publication, distribution, etc. | Beverly Hills, Calif. : |
| Name of publisher, distributor, etc. | Sage Publications, |
| Date of publication, distribution, etc. | c1978. |
| 300 ## - PHYSICAL DESCRIPTION | |
| Pagination | 455 p. : |
| Illustrations | ill. ; |
| Size | 22 cm. |
| 504 ## - BIBLIOGRAPHY, ETC. NOTE | |
| Bibliography, etc | Includes bibliographical references and indexes. |
| 650 #0 - SUBJECT ADDED ENTRY--TOPICAL TERM | |
| Topical term or geographic name as entry element | U.S. federal & state governments |
| 9 (RLIN) | 109376 |
| 651 #0 - SUBJECT ADDED ENTRY--GEOGRAPHIC NAME | |
| Geographic name | United States |
| General subdivision | Politics and government |
| Chronological subdivision | 1945-1989. |
| 9 (RLIN) | 109377 |
| 700 1# - ADDED ENTRY--PERSONAL NAME | |
| Personal name | Lowi, Theodore J. |
| Personal name | Stone, Alan, |
| Dates associated with a name | 1931- |
| 942 ## - ADDED ENTRY ELEMENTS (KOHA) | |
| Source of classification or shelving scheme | Dewey Decimal Classification |
| Koha item type | Books |
| Lost status | Source of classification or shelving scheme | Damaged status | Not for loan | Collection code | Permanent Location | Current Location | Shelving location | Date acquired | Source of acquisition | Cost, normal purchase price | Total Checkouts | Full call number | Date last seen | Copy number | Koha item type |
|---|---|---|---|---|---|---|---|---|---|---|---|---|---|---|---|
| Dewey Decimal Classification | Not For Loan | Non-fiction | Central Library, University of Rajshahi | Central Library, University of Rajshahi | Reading Room | 13/06/1990 | Asia foundation | 0.00 | 353.0973 NAT 1978 | 11/06/2014 | C-1 | Books | |||
| Dewey Decimal Classification | Non-fiction | Central Library, University of Rajshahi | Central Library, University of Rajshahi | 30/08/1990 | 353.0973 NAT 1978 | 10/05/2016 | C-2 | Books |